Historia de la naturaleza (Record no. 7772)
[ view plain ]
| 000 -CABECERA | |
|---|---|
| campo de control de longitud fija | 00806nam a2200253 a 4500 |
| 001 - NÚMERO DE CONTROL | |
| campo de control | BRCA_8104 |
| 005 - FECHA Y HORA DE LA ÚLTIMA TRANSACCIÓN | |
| campo de control | 20190320210131.0 |
| 008 - DATOS DE LONGITUD FIJA--INFORMACIÓN GENERAL | |
| campo de control de longitud fija | 080414s1962----sp-a###f##---#001-0#spa-# |
| 041 ## - CÓDIGO DE LENGUA | |
| Código de lengua del texto/banda sonora o título independiente | spa |
| 044 ## - CÓDIGO DEL PAÍS DE LA ENTIDAD EDITORA/PRODUCTORA | |
| Código MARC del país | sp |
| 050 #4 - SIGNATURA TOPOGRÁFICA DE LA BIBLIOTECA DEL CONGRESO | |
| Número de clasificación | QH278.5 |
| Número de documento/Ítem | .W436 |
| -- | 1962 |
| 100 1# - ENTRADA PRINCIPAL--NOMBRE DE PERSONA | |
| Nombre de persona | Weizsäcker, Carl Friedrich von |
| Fechas asociadas al nombre | 1912-2007 |
| 9 (RLIN) | 20164 |
| 245 10 - MENCIÓN DE TÍTULO | |
| Título | Historia de la naturaleza |
| Mención de responsabilidad, etc. | Carl Friedrich von Weiszäcker ; traducción de Eva Kleen. |
| 260 ## - PUBLICACIÓN, DISTRIBUCIÓN, ETC. | |
| Lugar de publicación, distribución, etc. | España |
| Nombre del editor, distribuidor, etc. | Ediciones Rialp |
| Fecha de publicación, distribución, etc. | 1962 |
| 300 ## - DESCRIPCIÓN FÍSICA | |
| Extensión | 257 p. |
| Otras características físicas | il. |
| Dimensiones | 19 cm. |
| 440 #0 - MENCIÓN DE SERIE/PUNTO DE ACCESO ADICIONAL--TÍTULO | |
| Título | Biblioteca del Pensamiento Actival |
| 9 (RLIN) | 20165 |
| 500 ## - NOTA GENERAL | |
| Nota general | Y154 |
| 500 ## - NOTA GENERAL | |
| Nota general | Título original del alemán : Die Geschichte der Natur |
| 650 14 - PUNTO DE ACCESO ADICIONAL DE MATERIA--TÉRMINO DE MATERIA | |
| Término de materia o nombre geográfico como elemento de entrada | Naturaleza |
| Subdivisión de forma | Historia |
| 9 (RLIN) | 20166 |
| 650 14 - PUNTO DE ACCESO ADICIONAL DE MATERIA--TÉRMINO DE MATERIA | |
| Término de materia o nombre geográfico como elemento de entrada | Naturaleza |
| Subdivisión de forma | Ilustrada |
| 9 (RLIN) | 20167 |
| 700 1# - PUNTO DE ACCESO ADICIONAL--NOMBRE DE PERSONA | |
| Nombre de persona | Kleen, Eva |
| Término indicativo de función/relación | tr. |
| 9 (RLIN) | 20168 |
| 902 ## - CATALOGADOR | |
| Iniciales | GFM |
| 942 ## - ELEMENTOS DE PUNTO DE ACCESO ADICIONAL (KOHA) | |
| Fuente del sistema de clasificación o colocación | Library of Congress Classification |
| Tipo de ítem Koha | Libros |
| Estado de retiro | Estado de pérdida | Estado dañado | No para préstamo | Localización permanente | Ubicación/localización actual | Fecha de adquisición | Número de inventario | Total de préstamos | Signatura topográfica completa | Código de barras | Fecha visto por última vez | Precio válido a partir de | Tipo de ítem Koha |
|---|---|---|---|---|---|---|---|---|---|---|---|---|---|
| El ejemplar forma parte de la colección y puede ser consultado según las políticas vigentes. | Biblioteca del Museo Franz Mayer (Rogerio Casas-Alatriste) | Biblioteca del Museo Franz Mayer (Rogerio Casas-Alatriste) | 08/04/2014 | Y154 | QH278.5 .W436 1962 (Y154) | 8728 | 22/03/2019 | 22/03/2019 | Libros |